[Event "Campeonato de España Abierto 2006"]
[Site "Leon ESP"]
[Date "2006.11.23"]
[Round "2.28"]
[White "Perez Ruiz, Santiago"]
[Black "Suriol Peinado, Alberto"]
[Result "1/2-1/2"]
[WhiteElo "1894"]
[BlackElo "1900"]
[PlyCount "66"]
[EventDate "2006.11.22"]
[EventType "swiss"]
[EventRounds "9"]
[EventCountry "ESP"]
[Source "lmi"]
[SourceDate "2006.11.22"]

1. d4 e6 2. c4 d5 3. Nc3 Nf6 4. Bg5 Be7 5. e3 O-O 6. Nf3 Nbd7 7. Rc1 h6 8. Bh4
c6 9. a3 Ne4 10. Bxe7 Nxc3 11. Bxd8 Nxd1 12. Rxd1 Rxd8 13. c5 Re8 14. Ne5 f6
15. Nxd7 Bxd7 16. Bd3 e5 17. Bg6 Re7 18. O-O Be8 19. Bc2 e4 20. b4 Bd7 21. h4
g5 22. g3 Bg4 23. Ra1 Rg7 24. Kh2 Kf7 25. a4 a6 26. Rg1 gxh4 27. gxh4 Rag8 28.
Rg3 Be2 29. Rag1 Rg4 30. Rxg4 Rxg4 31. Rxg4 Bxg4 32. Kg3 f5 33. Kf4 Kf6 1/2-1/2

[Event "Campeonato de España Abierto 2006"]
[Site "Leon ESP"]
[Date "2006.11.23"]
[Round "2.30"]
[White "Llamazares Lopez, Carlos"]
[Black "De La Barrera Montenegro, Eduar"]
[Result "0-1"]
[WhiteElo "1883"]
[BlackElo "2090"]
[PlyCount "30"]
[EventDate "2006.11.22"]
[EventType "swiss"]
[EventRounds "9"]
[EventCountry "ESP"]
[Source "lmi"]
[SourceDate "2006.11.22"]

1. e4 e5 2. Nf3 Nc6 3. Bb5 a6 4. Bxc6 dxc6 5. O-O Bg4 6. h3 h5 7. d3 Qf6 8. Be3
Ne7 9. hxg4 hxg4 10. Ng5 Qh6 11. f3 g3 12. Nh3 Qxe3+ 13. Kh1 Ng6 14. Re1 Rxh3+
15. gxh3 Qf2 0-1

[Event "Campeonato de España Abierto 2006"]
[Site "Leon ESP"]
[Date "2006.11.23"]
[Round "2.32"]
[White "Pastrana Alvarez, Santiago"]
[Black "Bazan Solera, Manuel"]
[Result "0-1"]
[WhiteElo "1875"]
[BlackElo "1971"]
[PlyCount "60"]
[EventDate "2006.11.22"]
[EventType "swiss"]
[EventRounds "9"]
[EventCountry "ESP"]
[Source "lmi"]
[SourceDate "2006.11.22"]

1. e4 d6 2. d4 Nf6 3. Bd3 g6 4. c4 Bg7 5. Ne2 O-O 6. O-O e5 7. d5 Nh5 8. Nbc3
Nd7 9. Be3 a6 10. b4 Qh4 11. Rc1 f5 12. f3 Nf4 13. Bf2 Qg5 14. Nxf4 exf4 15.
Re1 Ne5 16. Bf1 a5 17. a3 axb4 18. axb4 Ra3 19. h4 Qd8 20. Nb5 Ra2 21. Rc2 Rxc2
22. Qxc2 g5 23. h5 g4 24. fxg4 fxg4 25. g3 fxg3 26. Bxg3 Nf3+ 27. Kg2 Nxe1+ 28.
Bxe1 Qg5 29. Qd2 Qxh5 30. Nxc7 Qh3+ 0-1

[Event "Campeonato de España Abierto 2006"]
[Site "Leon ESP"]
[Date "2006.11.23"]
[Round "2.33"]
[White "Martinez Perez, Jorge"]
[Black "Aretxabaleta Saez, Julian"]
[Result "1-0"]
[WhiteElo "2030"]
[BlackElo "1872"]
[PlyCount "81"]
[EventDate "2006.11.22"]
[EventType "swiss"]
[EventRounds "9"]
[EventCountry "ESP"]
[Source "lmi"]
[SourceDate "2006.11.22"]

1. Nf3 d5 2. b3 Nf6 3. Bb2 e6 4. e3 Be7 5. Be2 O-O 6. Ne5 c5 7. O-O Qc7 8. f4
a6 9. d3 Nfd7 10. Nd2 Nc6 11. Ndf3 Ndxe5 12. Nxe5 Bf6 13. d4 cxd4 14. exd4 Qb6
15. Kh1 Qc7 16. Rf3 g6 17. Rh3 Nxe5 18. fxe5 Bg7 19. Bd3 f5 20. Ba3 Rf7 21. Bd6
Qc6 22. Qe1 Bf8 23. Bxf8 Kxf8 24. Qh4 Bd7 25. Rd1 b5 26. Rg3 Kg7 27. Qf4 Bc8
28. h4 h6 29. Rf3 Bb7 30. g4 Raf8 31. Rg1 fxg4 32. Qxg4 g5 33. Qh5 Rf5 34. hxg5
Rh8 35. gxh6+ Kf8 36. Bxf5 exf5 37. Qxf5+ Ke8 38. Qf7+ Kd8 39. Qf8+ Rxf8 40.
Rxf8+ Kc7 41. Rg7+ 1-0

[Event "Campeonato de España Abierto 2006"]
[Site "Leon ESP"]
[Date "2006.11.23"]
[Round "2.34"]
[White "Franco Cazon, Rodolfo"]
[Black "Garcia Panizo, Amilcar"]
[Result "1-0"]
[WhiteElo "1987"]
[BlackElo "1859"]
[PlyCount "75"]
[EventDate "2006.11.22"]
[EventType "swiss"]
[EventRounds "9"]
[EventCountry "ESP"]
[Source "lmi"]
[SourceDate "2006.11.22"]

1. e4 Nf6 2. e5 Nd5 3. c4 Nb6 4. d4 d6 5. exd6 cxd6 6. Nc3 g6 7. Be3 Bg7 8. Rc1
O-O 9. b3 Nc6 10. d5 Ne5 11. Be2 a5 12. f4 Ned7 13. Nf3 Nf6 14. Nd4 Nbd7 15.
O-O Nc5 16. Bf3 Bd7 17. Re1 Re8 18. Bf2 Qc8 19. Ncb5 Ng4 20. Bh4 Nf6 21. a3
Bxb5 22. Nxb5 Qd7 23. Bf2 Rec8 24. b4 axb4 25. axb4 Na6 26. Qb3 Qd8 27. c5 Nc7
28. Nc3 Na6 29. Na4 Rab8 30. Nb6 Rc7 31. Rc4 h5 32. h3 Bf8 33. Qa2 Nxb4 34.
Rxb4 dxc5 35. Rbb1 Nd7 36. f5 Nxb6 37. Rxb6 Rcc8 38. Qb1 1-0

[Event "Campeonato de España Abierto 2006"]
[Site "Leon ESP"]
[Date "2006.11.23"]
[Round "2.35"]
[White "Lopez Filio, Antonio"]
[Black "Moran Llera, Jose Angel"]
[Result "0-1"]
[WhiteElo "1760"]
[BlackElo "1859"]
[PlyCount "126"]
[EventDate "2006.11.22"]
[EventType "swiss"]
[EventRounds "9"]
[EventCountry "ESP"]
[Source "lmi"]
[SourceDate "2006.11.22"]

1. d4 Nf6 2. Nf3 g6 3. c4 Bg7 4. Nc3 O-O 5. e4 d6 6. Be2 c5 7. d5 Nbd7 8. h3 a6
9. O-O b5 10. cxb5 axb5 11. Bxb5 Ba6 12. Bxa6 Rxa6 13. Bf4 Qa5 14. Re1 Rb8 15.
Qc2 Qb4 16. Rab1 Nh5 17. Bd2 Ne5 18. Nxe5 Bxe5 19. Ne2 Qb6 20. f4 Bg7 21. g4
Nf6 22. Nc3 Nd7 23. Be3 Bd4 24. Qd3 Bxe3+ 25. Rxe3 c4 26. Qe2 Qc5 27. Kh2 Ra7
28. e5 dxe5 29. fxe5 Rab7 30. e6 fxe6 31. Rxe6 Nf6 32. Ne4 Nxe4 33. Rxe4 Qxd5
34. Rd1 Qc5 35. Rd2 Qc7+ 36. Kg2 c3 37. bxc3 Qxc3 38. Qc4+ Qxc4 39. Rxc4 Ra8
40. Rcc2 Ra3 41. Rb2 Rxb2 42. Rxb2 Kf7 43. g5 Ke6 44. Re2+ Kf7 45. Rf2+ Kg7 46.
Re2 Kf7 47. Rf2+ Ke6 48. Re2+ Kd6 49. Rd2+ Kc5 50. Re2 Ra7 51. Kf3 Kd5 52. Rd2+
Ke5 53. Re2+ Kf5 54. h4 e5 55. Kg2 e4 56. Rf2+ Kg4 57. Re2 Re7 58. a4 Kxh4 59.
a5 Kxg5 60. a6 Kf5 61. Rf2+ Ke5 62. Ra2 Ra7 63. Kf2 Kf4 0-1

[Event "Campeonato de España Abierto 2006"]
[Site "Leon ESP"]
[Date "2006.11.23"]
[Round "2.36"]
[White "Marcos Pinto, Luis"]
[Black "Soto Iglesias, David"]
[Result "1-0"]
[WhiteElo "1922"]
[BlackElo "1850"]
[PlyCount "59"]
[EventDate "2006.11.22"]
[EventType "swiss"]
[EventRounds "9"]
[EventCountry "ESP"]
[Source "lmi"]
[SourceDate "2006.11.22"]

1. e4 c5 2. Nf3 Nc6 3. c3 d6 4. Be2 Nf6 5. d4 cxd4 6. cxd4 e6 7. Nc3 Be7 8. d5
exd5 9. exd5 Nb4 10. Qa4+ Nc6 11. dxc6 bxc6 12. Qxc6+ Bd7 13. Qc4 O-O 14. O-O
Qb6 15. Nd5 Nxd5 16. Qxd5 Be6 17. Qh5 Rac8 18. Bd3 g6 19. Qh6 Bd5 20. Ng5 Bxg5
21. Bxg5 Qxb2 22. Be7 Rfe8 23. Qh4 f5 24. Bf6 Qb7 25. Rab1 Qf7 26. a3 Be4 27.
Bb2 Rb8 28. Bxe4 Rxe4 29. Qf6 Qxf6 30. Bxf6 1-0

[Event "Campeonato de España Abierto 2006"]
[Site "Leon ESP"]
[Date "2006.11.23"]
[Round "2.37"]
[White "Prieto Redondo, Guillermo"]
[Black "Diaz Sanchez, Jose Fco"]
[Result "1/2-1/2"]
[WhiteElo "1617"]
[BlackElo "1976"]
[PlyCount "90"]
[EventDate "2006.11.22"]
[EventType "swiss"]
[EventRounds "9"]
[EventCountry "ESP"]
[Source "lmi"]
[SourceDate "2006.11.22"]

1. d4 f5 2. c4 e6 3. Nc3 Nf6 4. Nf3 Be7 5. Bg5 d6 6. Bxf6 Bxf6 7. e4 fxe4 8.
Nxe4 O-O 9. Bd3 Nc6 10. Nxf6+ Qxf6 11. O-O Kh8 12. Be4 Bd7 13. a3 e5 14. dxe5
Nxe5 15. Nxe5 Qxe5 16. Qc2 Bf5 17. Bxf5 Rxf5 18. Rae1 Qf6 19. Re3 Rf8 20. Rh3
h6 21. Re3 Qd4 22. Re7 R5f7 23. Re4 Qc5 24. b4 Qf5 25. Qe2 a6 26. Re3 Qd7 27.
Rd3 Rf5 28. Rd5 Qf7 29. Rxf5 Qxf5 30. a4 Qf7 31. Re1 Qf4 32. g3 Qf6 33. Qc2 Qf7
34. Re4 Re8 35. Qd3 Qd7 36. a5 Rxe4 37. Qxe4 c6 38. Kg2 Kg8 39. Kf3 d5 40. cxd5
cxd5 41. Qd4 Qf5+ 42. Ke3 Qe6+ 43. Kf3 Qf5+ 44. Ke3 Qe6+ 45. Kf3 Qf5+ 1/2-1/2

[Event "Campeonato de España Abierto 2006"]
[Site "Leon ESP"]
[Date "2006.11.23"]
[Round "2.38"]
[White "Fernandez Calzada, Juan Antonio"]
[Black "Porto Gallego, Pablo"]
[Result "1-0"]
[WhiteElo "1951"]
[BlackElo "1640"]
[PlyCount "123"]
[EventDate "2006.11.22"]
[EventType "swiss"]
[EventRounds "9"]
[EventCountry "ESP"]
[Source "lmi"]
[SourceDate "2006.11.22"]

1. e4 c5 2. Nf3 e6 3. d4 cxd4 4. Nxd4 a6 5. Be3 Nc6 6. Qd2 Qc7 7. c4 Nf6 8. Nc3
Bb4 9. f3 Ne5 10. b3 b5 11. a3 Bxc3 12. Qxc3 bxc4 13. bxc4 d5 14. Bf4 dxe4 15.
Nxe6 Bxe6 16. Bxe5 Qc5 17. Be2 exf3 18. Bxf3 Rd8 19. Rc1 Ke7 20. Qb4 Rc8 21.
Be2 Rhd8 22. Rf1 a5 23. Bxf6+ gxf6 24. Qc3 Qg5 25. Kf2 Qc5+ 26. Qe3 Qxe3+ 27.
Kxe3 Rc5 28. Rf4 Re5+ 29. Re4 Rc8 30. Rxe5 fxe5 31. c5 f5 32. Bb5 Bd5 33. g3
Rc7 34. Rc3 Ke6 35. Be2 Bc6 36. Bc4+ Bd5 37. Bb5 Bc6 38. Be2 Rb7 39. Ba6 Rc7
40. h4 Ke7 41. Bc4 Rd7 42. Bg8 Kf6 43. Rb3 Rg7 44. Rb6 Rxg3+ 45. Kf2 Rg2+ 46.
Kf1 Rxg8 47. Rxc6+ Ke7 48. Rc7+ Kd8 49. Rxh7 Rg4 50. h5 Rh4 51. h6 e4 52. c6 e3
53. Rd7+ Kc8 54. h7 f4 55. Rg7 f3 56. Rg8+ Kc7 57. h8=Q e2+ 58. Kf2 Rxh8 59.
Rxh8 Kxc6 60. Re8 Kb5 61. Re3 Ka4 62. Rxf3 1-0

[Event "Campeonato de España Abierto 2006"]
[Site "Leon ESP"]
[Date "2006.11.23"]
[Round "2.39"]
[White "Sanzo Pinto, Jose Manuel"]
[Black "Galard Agustin, Tomas E"]
[Result "0-1"]
[WhiteElo "1534"]
[BlackElo "1924"]
[PlyCount "104"]
[EventDate "2006.11.22"]
[EventType "swiss"]
[EventRounds "9"]
[EventCountry "ESP"]
[Source "lmi"]
[SourceDate "2006.11.22"]

1. e4 e6 2. Nf3 c6 3. d4 d5 4. e5 Ne7 5. Bg5 h6 6. Bh4 Qb6 7. b3 c5 8. Bd3 cxd4
9. Nxd4 Nd7 10. Nf3 Nc6 11. Bg3 Be7 12. O-O Qc7 13. Bb5 a6 14. Bxc6 bxc6 15.
Re1 a5 16. a4 Ba6 17. c3 O-O 18. Nbd2 Rfb8 19. Re3 c5 20. Rc1 Qb6 21. c4 d4 22.
Re1 Bb7 23. Rb1 Bc6 24. Bh4 Bf8 25. Ne4 Qb7 26. Qd3 Bxe4 27. Rxe4 Qb4 28. Rg4
Nb6 29. Re1 Nc8 30. Bf6 Ne7 31. Bxe7 Bxe7 32. Qd2 Kf8 33. h4 Qxb3 34. Qc1 Qd3
35. h5 Qf5 36. Qf4 Qxf4 37. Rxf4 Rb4 38. Ra1 Rb2 39. Ne1 Rb3 40. Nc2 Rab8 41.
Na3 R8b4 42. Nc2 Rxc4 43. Ne1 Rcc3 44. Kh2 Ra3 45. Rb1 Rcb3 46. Rxb3 Rxb3 47.
Rf3 Rb4 48. Ra3 Rb2 49. f4 c4 50. Rf3 Bb4 51. Rf1 Rb1 52. f5 Rxe1 0-1

[Event "Campeonato de España Abierto 2006"]
[Site "Leon ESP"]
[Date "2006.11.23"]
[Round "2.41"]
[White "Varasa Paredes, Javier"]
[Black "Calleja Loma, David"]
[Result "1-0"]
[WhiteElo "1867"]
[BlackElo "1534"]
[PlyCount "59"]
[EventDate "2006.11.22"]
[EventType "swiss"]
[EventRounds "9"]
[EventCountry "ESP"]
[Source "lmi"]
[SourceDate "2006.11.22"]

1. Nf3 Nf6 2. d4 d5 3. c4 e6 4. g3 Nbd7 5. Bg2 Bb4+ 6. Bd2 Bxd2+ 7. Nbxd2 O-O
8. Qc2 b6 9. O-O Bb7 10. b4 Rc8 11. c5 bxc5 12. bxc5 Ba6 13. Rfe1 c6 14. Rab1
Rb8 15. e4 dxe4 16. Nxe4 Rxb1 17. Rxb1 Nxe4 18. Qxe4 Bb5 19. Bf1 Nf6 20. Qe5
Bxf1 21. Kxf1 Qd5 22. Qxd5 cxd5 23. Ne5 Ne4 24. Rb7 f6 25. Nc6 a5 26. Ne7+ Kh8
27. c6 Nd6 28. Rd7 Nc4 29. c7 Nb6 30. Rd8 1-0

[Event "Campeonato de España Abierto 2006"]
[Site "Leon ESP"]
[Date "2006.11.24"]
[Round "3.3"]
[White "Bellon Lopez, Juan Manuel"]
[Black "Llaneza Vega, Marcos"]
[Result "1-0"]
[WhiteElo "2396"]
[BlackElo "2341"]
[PlyCount "83"]
[EventDate "2006.11.22"]
[EventType "swiss"]
[EventRounds "9"]
[EventCountry "ESP"]
[Source "lmi"]
[SourceDate "2006.11.22"]

1. d4 d6 2. Nf3 Nf6 3. b3 g6 4. Bb2 Bg7 5. Nbd2 c5 6. e4 cxd4 7. Nxd4 O-O 8. g3
d5 9. e5 Ng4 10. f4 Qb6 11. N2f3 f6 12. h3 fxe5 13. hxg4 exd4 14. Bxd4 Bxd4 15.
Qxd4 Qxd4 16. Nxd4 Bxg4 17. Bg2 Rd8 18. Rh4 h5 19. Rxg4 hxg4 20. Ne6 Nc6 21.
O-O-O Rd6 22. Nc7 Rad8 23. Bxd5+ Kg7 24. Ne6+ Kf6 25. Nxd8 Nxd8 26. Rd2 g5 27.
fxg5+ Kxg5 28. c4 b6 29. b4 Nc6 30. c5 bxc5 31. bxc5 Rf6 32. Kb2 Nb4 33. Bb7 e5
34. a3 Nc6 35. Re2 Nd4 36. Rxe5+ Rf5 37. Rxf5+ Kxf5 38. c6 Nb5 39. Bc8+ Kg5 40.
a4 Nc7 41. Kb3 Nd5 42. Be6 1-0

[Event "Campeonato de España Abierto 2006"]
[Site "Leon ESP"]
[Date "2006.11.24"]
[Round "3.4"]
[White "Vehi Bach, Victor Manuel"]
[Black "Granados Gomez, Manuel"]
[Result "1-0"]
[WhiteElo "2311"]
[BlackElo "2433"]
[PlyCount "99"]
[EventDate "2006.11.22"]
[EventType "swiss"]
[EventRounds "9"]
[EventCountry "ESP"]
[Source "lmi"]
[SourceDate "2006.11.22"]

1. e4 e5 2. Nf3 Nc6 3. Bb5 Nf6 4. d3 Bc5 5. Bxc6 dxc6 6. h3 h6 7. O-O Bd6 8. d4
Nxe4 9. Qe2 Bf5 10. dxe5 Bc5 11. Be3 Qe7 12. Rd1 Ng5 13. Bxc5 Qxc5 14. Nd4 Bd7
15. Nb3 Qb6 16. a4 O-O-O 17. a5 Qb4 18. Nc3 Be6 19. Qe3 Bxb3 20. cxb3 Kb8 21.
a6 b6 22. Rxd8+ Rxd8 23. Rd1 Rxd1+ 24. Nxd1 Qb5 25. f4 Ne6 26. f5 Qd5 27. fxe6
Qxd1+ 28. Kh2 fxe6 29. Qf4 Kc8 30. Qf7 Kd8 31. Qf8+ Kd7 32. Qxg7+ Ke8 33. Qg6+
Ke7 34. Qf6+ Kd7 35. Qf7+ Kd8 36. Qf6+ Kd7 37. Qxh6 Qxb3 38. Qg7+ Kd8 39. h4
Qc4 40. Qf6+ Ke8 41. Kh3 Qd3+ 42. g3 Qd5 43. h5 c5 44. h6 Qh1+ 45. Kg4 Qe4+ 46.
Kh5 Qe2+ 47. g4 Qh2+ 48. Kg6 Qc2+ 49. Kg7 Qc4 50. h7 1-0

[Event "Campeonato de España Abierto 2006"]
[Site "Leon ESP"]
[Date "2006.11.24"]
[Round "3.5"]
[White "Alsina Leal, Daniel"]
[Black "Recuero Guerra, David"]
[Result "0-1"]
[WhiteElo "2391"]
[BlackElo "2321"]
[PlyCount "180"]
[EventDate "2006.11.22"]
[EventType "swiss"]
[EventRounds "9"]
[EventCountry "ESP"]
[Source "lmi"]
[SourceDate "2006.11.22"]

1. e4 e5 2. Nf3 Nc6 3. Bb5 Nd4 4. Nxd4 exd4 5. O-O c6 6. Bc4 Nf6 7. Re1 d6 8.
c3 Ng4 9. h3 Ne5 10. Bf1 d3 11. f4 Qb6+ 12. Kh1 h5 13. Re3 Nc4 14. Rf3 Bg4 15.
b3 Na5 16. Bxd3 c5 17. Na3 O-O-O 18. Nc4 Nxc4 19. Bxc4 Be7 20. d3 Bf6 21. Bd2
Rd7 22. a4 a6 23. Rb1 Qd8 24. b4 cxb4 25. Rxb4 g5 26. Qb3 Bxf3 27. Bxa6 Bd1 28.
Qd5 Rc7 29. Bxb7+ Kd7 30. e5 Qe7 31. exf6 Qxf6 32. Re4 Rc5 33. Qd4 Qxd4 34.
Rxd4 g4 35. Kh2 gxh3 36. Kxh3 Rb8 37. Ba6 Rb2 38. Bc1 Rb3 39. Bb5+ Kc7 40. Bd2
Rb2 41. Bc1 Ra2 42. Re4 Bg4+ 43. Kg3 h4+ 44. Kxh4 Rxg2 45. Rc4 Be6 46. Rxc5+
dxc5 47. Be3 Kd6 48. d4 c4 49. f5 Bd5 50. Bf4+ Ke7 51. Bc7 Kf6 52. Bd7 Rc2 53.
Bd8+ Kg7 54. Ba5 Kf6 55. Bd8+ Kg7 56. Ba5 Ra2 57. Kg5 f6+ 58. Kf4 Rf2+ 59. Ke3
Rf3+ 60. Ke2 Rh3 61. Be6 Rh2+ 62. Ke3 Rh3+ 63. Kf4 Bc6 64. Bxc4 Bxa4 65. Be6
Kf8 66. d5 Ke8 67. Ke4 Rh4+ 68. Ke3 Bd7 69. d6 Rh5 70. Bb4 Bxe6 71. fxe6 Re5+
72. Kd4 Rxe6 73. c4 Kd7 74. c5 Kc6 75. Kd3 f5 76. Ba3 Re1 77. Bb4 Re4 78. d7
Kxd7 79. Bd2 Re8 80. Be3 Kc6 81. Kd4 Re4+ 82. Kd3 Kd5 83. Bf2 f4 84. Kd2 Ra4
85. Kd3 Ra3+ 86. Ke2 Ke4 87. Ke1 Ra1+ 88. Ke2 Ra2+ 89. Ke1 Rc2 90. Bg1 Rc1+ 0-1

[Event "Campeonato de España Abierto 2006"]
[Site "Leon ESP"]
[Date "2006.11.24"]
[Round "3.8"]
[White "Ruiz Maraña, Alejandro"]
[Black "Franco Alonso, Alejandro"]
[Result "0-1"]
[WhiteElo "2122"]
[BlackElo "2404"]
[PlyCount "54"]
[EventDate "2006.11.22"]
[EventType "swiss"]
[EventRounds "9"]
[EventCountry "ESP"]
[Source "lmi"]
[SourceDate "2006.11.22"]

1. e4 c5 2. Nc3 Nc6 3. g3 g6 4. Bg2 Bg7 5. d3 d6 6. Be3 Rb8 7. Qd2 b5 8. Nge2
b4 9. Nd1 Nd4 10. O-O e6 11. Nc1 Qa5 12. c3 bxc3 13. bxc3 Nc6 14. Ne2 h5 15. f4
Nge7 16. f5 exf5 17. Bf4 Ne5 18. Ne3 O-O 19. Rad1 fxe4 20. dxe4 Ba6 21. c4 Qxd2
22. Rxd2 Nc8 23. Bh3 Nxc4 24. Nxc4 Bxc4 25. Bxc8 Rbxc8 26. Bxd6 Rfd8 27. Rfd1
Bxe2 0-1

[Event "Campeonato de España Abierto 2006"]
[Site "Leon ESP"]
[Date "2006.11.24"]
[Round "3.9"]
[White "De La Villa Garcia, Jesus Maria"]
[Black "Vega Gomez, Francisco Borja"]
[Result "1/2-1/2"]
[WhiteElo "2469"]
[BlackElo "2118"]
[PlyCount "137"]
[EventDate "2006.11.22"]
[EventType "swiss"]
[EventRounds "9"]
[EventCountry "ESP"]
[Source "lmi"]
[SourceDate "2006.11.22"]

1. e4 d5 2. exd5 Qxd5 3. Nc3 Qa5 4. d4 c6 5. Bc4 Nf6 6. Nf3 Bf5 7. Bd2 e6 8.
Nd5 Qd8 9. Nxf6+ Qxf6 10. Qe2 Bg4 11. d5 Bxf3 12. gxf3 cxd5 13. Bxd5 Nc6 14.
Bxc6+ bxc6 15. Qe4 Rc8 16. O-O-O Ba3 17. c3 Bc5 18. Rhg1 O-O 19. Bg5 Qg6 20.
Qh4 Kh8 21. Be3 Bxe3+ 22. fxe3 Qf5 23. Qg5 Qxg5 24. Rxg5 Rfd8 25. Ra5 Rxd1+ 26.
Kxd1 Rc7 27. Ke2 Kg8 28. Kd3 Kf8 29. Kc4 Ke7 30. Kc5 g5 31. e4 f6 32. Ra6 Kd7
33. c4 h5 34. b4 g4 35. Ra3 Ke7 36. fxg4 hxg4 37. h3 gxh3 38. Rxh3 f5 39. Rh7+
Kd8 40. Rh8+ Ke7 41. Rh7+ Kd8 42. Rh8+ Ke7 43. e5 Kd7 44. a4 Ke7 45. Rh7+ Kd8
46. Rh8+ Ke7 47. a5 Kd7 48. Rh2 Ke7 49. Rd2 Rd7 50. Rd6 Rc7 51. Kd4 Rc8 52. Kc3
Rc7 53. Kb3 Rc8 54. Ka4 f4 55. Rd3 Rf8 56. Rf3 a6 57. Kb3 Rf5 58. Kc3 Rxe5 59.
Rxf4 Re1 60. Rh4 Kd6 61. c5+ Ke5 62. Rh8 Re3+ 63. Kc2 Kd5 64. Rb8 Kc4 65. Rb6
Re2+ 66. Kc1 e5 67. Rxa6 Kxb4 68. Rxc6 Kxa5 69. Kd1 1/2-1/2

[Event "Campeonato de España Abierto 2006"]
[Site "Leon ESP"]
[Date "2006.11.24"]
[Round "3.11"]
[White "Fernandez Aguado, Enrique"]
[Black "Jimenez Martin, Gustavo"]
[Result "1-0"]
[WhiteElo "2384"]
[BlackElo "2110"]
[PlyCount "61"]
[EventDate "2006.11.22"]
[EventType "swiss"]
[EventRounds "9"]
[EventCountry "ESP"]
[Source "lmi"]
[SourceDate "2006.11.22"]

1. c4 e6 2. Nc3 d5 3. e3 f5 4. Nf3 Nf6 5. Qc2 c6 6. b3 Bd6 7. Bb2 O-O 8. Be2 b6
9. h3 c5 10. d4 Nc6 11. dxc5 Bxc5 12. Rd1 Bb7 13. a3 Ne7 14. b4 Bd6 15. Nb5 Bb8
16. O-O Qc8 17. Be5 Ng6 18. Bxb8 Qxb8 19. c5 Rc8 20. Nfd4 bxc5 21. bxc5 Nf8 22.
Nd6 Rc7 23. Rb1 Ne8 24. N4b5 Re7 25. Qb2 Ba6 26. Rfc1 Nxd6 27. cxd6 Rb7 28. Rc7
Nd7 29. Rxb7 Qxb7 30. Nc7 Qxb2 31. Rxb2 1-0

[Event "Campeonato de España Abierto 2006"]
[Site "Leon ESP"]
[Date "2006.11.24"]
[Round "3.13"]
[White "Sahelices Casado, Roberto"]
[Black "Pena Gomez, Manuel"]
[Result "0-1"]
[WhiteElo "2067"]
[BlackElo "2318"]
[PlyCount "88"]
[EventDate "2006.11.22"]
[EventType "swiss"]
[EventRounds "9"]
[EventCountry "ESP"]
[Source "lmi"]
[SourceDate "2006.11.22"]

1. d4 Nf6 2. c4 c5 3. Nf3 e6 4. Nc3 cxd4 5. Nxd4 d5 6. Bg5 e5 7. Nf3 d4 8. Nd5
Nc6 9. a3 Be6 10. e4 h6 11. Bh4 Rg8 12. Bd3 g5 13. Bg3 Nd7 14. b4 g4 15. Nh4 h5
16. f3 Bh6 17. Nf5 Bxf5 18. exf5 h4 19. Bf2 Nb6 20. Nxb6 axb6 21. fxg4 Qg5 22.
O-O Qxg4 23. Qxg4 Rxg4 24. h3 Rf4 25. Rfe1 f6 26. b5 Na5 27. Re2 Nb3 28. Rd1
Rxa3 29. g3 hxg3 30. Bxg3 Rf3 31. Kg2 Rxg3+ 32. Kxg3 Nc1 33. Kg4 Nxd3 34. h4
Kd7 35. Rh2 Nf4 36. h5 Kd6 37. Kh4 Kc5 38. Rg1 Kxc4 39. Rg6 Nxg6+ 40. hxg6 d3
41. Kg4 d2 42. Kh5 d1=Q+ 43. Kxh6 Rg3 44. Kh7 Qd7+ 0-1

[Event "Campeonato de España Abierto 2006"]
[Site "Leon ESP"]
[Date "2006.11.24"]
[Round "3.16"]
[White "Veganzones Rojo, David"]
[Black "Casares Cabanas, Carlos"]
[Result "1-0"]
[WhiteElo "2156"]
[BlackElo "2193"]
[PlyCount "50"]
[EventDate "2006.11.22"]
[EventType "swiss"]
[EventRounds "9"]
[EventCountry "ESP"]
[Source "lmi"]
[SourceDate "2006.11.22"]

1. d4 Nf6 2. c4 g6 3. Nc3 Bg7 4. e4 d6 5. Nf3 O-O 6. Be2 e5 7. O-O Nc6 8. d5
Ne7 9. Ne1 Nd7 10. Be3 f5 11. f3 f4 12. Bf2 g5 13. Rc1 Rf7 14. c5 Nxc5 15. b4
Na6 16. Nb5 Bd7 17. Nxa7 h5 18. a3 Bf8 19. Rc3 Rg7 20. h3 Ng6 21. Qc2 Nh4 22.
Bxa6 bxa6 23. Bxh4 gxh4 24. Rxc7 Kh8 25. Rb7 Rc8 1-0

[Event "Campeonato de España Abierto 2006"]
[Site "Leon ESP"]
[Date "2006.11.24"]
[Round "3.17"]
[White "Montolio Benedicto, Cesar"]
[Black "Vega Gutierrez, Sabrina"]
[Result "0-1"]
[WhiteElo "2055"]
[BlackElo "2264"]
[PlyCount "46"]
[EventDate "2006.11.22"]
[EventType "swiss"]
[EventRounds "9"]
[EventCountry "ESP"]
[Source "lmi"]
[SourceDate "2006.11.22"]

1. e4 c5 2. c3 d5 3. exd5 Qxd5 4. d4 e6 5. Nf3 Nf6 6. h3 Nc6 7. Be3 cxd4 8.
cxd4 Bb4+ 9. Nc3 O-O 10. a3 Bxc3+ 11. bxc3 Qa5 12. Qb3 e5 13. Bc4 exd4 14. Nxd4
Nxd4 15. Bxd4 Qg5 16. Kf1 Bd7 17. Bxf6 Qxf6 18. Bd5 Rac8 19. Qxb7 Qxc3 20. Qb1
Rb8 21. Qd1 Ba4 22. Rc1 Bxd1 23. Rxc3 Rb1 0-1

[Event "Campeonato de España Abierto 2006"]
[Site "Leon ESP"]
[Date "2006.11.24"]
[Round "3.18"]
[White "Bazan Solera, Manuel"]
[Black "Fernandez Siles, Luis"]
[Result "0-1"]
[WhiteElo "1971"]
[BlackElo "2280"]
[PlyCount "95"]
[EventDate "2006.11.22"]
[EventType "swiss"]
[EventRounds "9"]
[EventCountry "ESP"]
[Source "lmi"]
[SourceDate "2006.11.22"]

1. d4 d5 2. c4 c6 3. e3 Nf6 4. Bd3 e5 5. dxe5 dxc4 6. Be2 Qxd1+ 7. Bxd1 Ne4 8.
Ne2 Nd7 9. f4 Bb4+ 10. Nbc3 Nxc3 11. bxc3 Be7 12. Nd4 Nb6 13. e4 Bd7 14. a4 a5
15. Be3 c5 16. Nb5 Bxb5 17. axb5 a4 18. Ra3 Ra5 19. O-O O-O 20. Bc2 Rxb5 21.
Rb1 Rb3 22. Rba1 Ra8 23. Bc1 Kf8 24. Kf2 Ke8 25. Ke2 Kd7 26. R1a2 Kc6 27. Bb2
Ra6 28. Bd1 Nd7 29. Rxa4 Rxa4 30. Bxb3 Rxa2 31. Bxa2 b5 32. Bb1 b4 33. Bc2 Kb5
34. Kd2 g5 35. g3 gxf4 36. gxf4 Bf8 37. Ke3 Bh6 38. Kf3 Nb6 39. Bc1 Bg7 40. Be3
Na4 41. cxb4 cxb4 42. Bd4 Bf8 43. f5 b3 44. Bd1 Kb4 45. e6 fxe6 46. fxe6 Nc3
47. Be2 b2 48. Bg7 0-1

[Event "Campeonato de España Abierto 2006"]
[Site "Leon ESP"]
[Date "2006.11.24"]
[Round "3.19"]
[White "Rodriguez Rodriguez, Antonio"]
[Black "Martinez Perez, Jorge"]
[Result "0-1"]
[WhiteElo "2240"]
[BlackElo "2030"]
[PlyCount "64"]
[EventDate "2006.11.22"]
[EventType "swiss"]
[EventRounds "9"]
[EventCountry "ESP"]
[Source "lmi"]
[SourceDate "2006.11.22"]

1. d4 f5 2. Bg5 g6 3. h4 h6 4. Bc1 d6 5. Nc3 Nf6 6. h5 g5 7. e4 fxe4 8. f3 d5
9. fxe4 dxe4 10. Bc4 Bg4 11. Nge2 Nc6 12. Be3 Qd7 13. Qd2 a6 14. d5 Na5 15. Bb3
Nxb3 16. axb3 Bg7 17. O-O-O Bxh5 18. Rxh5 Nxh5 19. Nxe4 Qg4 20. Nc5 O-O 21. Ne6
Qxg2 22. Qe1 Rf5 23. Nc3 c6 24. Bd4 Rf7 25. Nxg7 Nxg7 26. Qe5 Qf3 27. Kb1 Rd8
28. Rd3 Qf4 29. dxc6 Qxe5 30. Bxe5 Rf1+ 31. Ka2 Rxd3 32. c7 Rxc3 0-1